000 00679nam a2200193Ia 4500
005 20250508155834.0
008 008 250505s9999 xx 000 0 eng d
037 _aDissertations
040 _aFEDL
_beng
_cFEDL
041 _aeng
_2eng
084 _a370.152, JOS/DI
_qFEDL
100 _aJoshi Bhuwan Lal
_9103903
245 0 _aStudy of florence goodenough's 'draw-a-man test' on Indian children of age-groups between 6 plus and 10 plus with a view to establish norms for assessing their intelligence
260 _c1955
300 _a47p.
546 _aM.Ed. Dissertation (Delhi Universtiy)
942 _cDIS
_h370.152, JOS/DI
999 _c1359547
_d1359547